Statistiken für Filmrolle zu Schauspieler/in

Klicken Sie hier um das Quiz zu spielen!

Allgemein

  • Dieses Quiz wurde 1.232 mal gespielt
    (1.182 seit der letzten Aktualisierung)
  • Das Durchschnittsergebnis liegt bei 8 aus 15

Antwortstatistiken

FilmrolleFilmrolleFilmrolleFilmrolleSchauspieler/in% Korrekt
BelleMae HollandHermine GrangerIlaEmma Watson
85%
Prof. Robert LangdonForrest GumpChuck NolandCaptain John H. MillerTom Hanks
83%
Kirk LazarusSherlock HolmesHank PalmerTony Stark/Iron ManRobert Downey Jr.
80%
Indianer JonesPräsident James MarshallHan SoloRick DeckardHarrison Ford
73%
Herzog von BuckinghamWilliam TurnerLegolasParisOrlando Bloom
68%
William FordJohn Harrison/KhanDoctor Steven StrangeSmaugBenedict Cumberbatch
66%
Natasha Romanoff/Black WidowMajor Mira Killian/Motoko KusanagiKelly FosterLucy MillerScarlett Johansson
60%
Thaddeus BradleyLucius FoxGottLt William SomersetMorgan Freeman
53%
Ernst Stavro Blofeld/Franz OberhauserBenjamin ChudnofskyDr. King SchultzHans LandaChristoph Waltz
52%
Luke HobbsPaul DoyleRoadblockDr. Smolder BravestoneDwayne 'The Rock' Johnson
49%
Jackie RobinsonJacob KingKönig T'Challa/Black PantherJames BrownChadwick Boseman
38%
Gwen StacyWichitaMia DolanJill PollardEmma Stone
37%
Prof. Shelly OberonR. L. StineJonathan BarnaveltLemuel GulliverJack Black
32%
Callum Lynch/Aguilar de NerhaSteve JobsMagnetoSteliosMichael Fassbender
31%
Merritt McKinneyTobias BeckettTallahasseeHaymitch AbernathyWoody Harrelson
26%

Verteilung der Resultate

Perzentil nach korrekt beantworteten Fragen

Anzahl Personen mit jedem Resultat

Ihre Resultats-Entwicklung

Sie haben dieses Quiz seit der letzten Aktualisierung nicht gespielt